[Event "XIX Festival A"]
[Site "Lucca ITA"]
[Date "2007.12.23"]
[Round "4"]
[White "Mola, Pietro"]
[Black "Bernardini, Luca"]
[Result "1/2-1/2"]
[WhiteElo "2256"]
[BlackElo "1883"]
[PlyCount "128"]
[EventDate "2007.12.21"]

1. Nf3 d5 2. c4 c6 3. g3 Nf6 4. Bg2 g6 5. cxd5 cxd5 6. d4 Bg7 7. O-O O-O 8. Ne5
e6 9. Nc3 Nfd7 10. Nf3 Nf6 11. Bg5 h6 12. Bf4 g5 13. Bxb8 Rxb8 14. e3 Nd7 15.
Rc1 b5 16. Re1 f5 17. Nb1 Bb7 18. Re2 Qb6 19. Rec2 Rbc8 20. h4 Bf6 21. Rxc8
Rxc8 22. Rxc8+ Bxc8 23. hxg5 hxg5 24. Ne1 Qc7 25. Nd2 Kg7 26. Nd3 a6 27. Nb3
Qc4 28. Bf1 Qc6 29. Qh5 Qd6 30. Qe8 Nb6 31. Nbc5 Bd7 32. Qh5 Bc8 33. b3 Nd7 34.
Qe8 Nb6 35. Be2 Bd7 36. Qh5 a5 37. Bd1 Bc6 38. Bc2 Qe7 39. Qd1 e5 40. dxe5 Bxe5
41. Nxe5 Qxe5 42. Qd4 Kf6 43. f4 Qxd4 44. fxg5+ Kg6 45. exd4 Kxg5 46. Kf2 Be8
47. Ne6+ Kf6 48. Nc7 Bc6 49. Ke3 Nc8 50. Bd3 Nd6 51. Kf4 b4 52. Ba6 Ne4 53. Bd3
Nd6 54. Bf1 Ne4 55. Bh3 Nc3 56. Bxf5 Nxa2 57. g4 Nc1 58. g5+ Kf7 59. Bc2 Nxb3
60. Bxb3 a4 61. Bxa4 Bxa4 62. Nxd5 b3 63. Nc3 b2 64. d5 Bc2 1/2-1/2

[Event "XIX Festival A"]
[Site "Lucca ITA"]
[Date "2007.12.23"]
[Round "4"]
[White "Paolinelli, Giacomo"]
[Black "Scalcione, Michelangelo"]
[Result "0-1"]
[WhiteElo "2073"]
[BlackElo "2357"]
[PlyCount "94"]
[EventDate "2007.12.21"]

1. e4 e5 2. d4 exd4 3. Qxd4 Nc6 4. Qe3 Nf6 5. Nc3 Bb4 6. Bd2 O-O 7. O-O-O d6 8.
Qg3 Kh8 9. f3 Be6 10. Nge2 a5 11. Bg5 a4 12. a3 Bc5 13. f4 Nh5 14. Qf3 f6 15.
Bh4 g6 16. g4 g5 17. gxh5 gxh4 18. f5 Bf7 19. Nf4 Ne5 20. Qh3 c6 21. Ng6+ hxg6
22. hxg6 Bg8 23. Qxh4+ Kg7 24. Re1 Qb6 25. Nd1 Rfd8 26. Qg3 Bc4 27. h4 Rh8 28.
h5 Rh6 29. Bxc4 Nxc4 30. Qc3 Ne5 31. Qg3 Ra5 32. c3 Qb3 33. Re2 Rb5 34. Rhh2
Ra5 35. Rhg2 Ra8 36. Rd2 Rah8 37. Rh2 Rxh5 38. Rxh5 Rxh5 39. Rh2 Rxh2 40. Qxh2
Qg8 41. Kc2 Qh8 42. Qd2 Qh5 43. Ne3 Qh3 44. Ng2 Qf3 45. Nf4 Qxe4+ 46. Kd1 Qb1+
47. Ke2 Qxf5 0-1

[Event "XIX Festival A"]
[Site "Lucca ITA"]
[Date "2007.12.23"]
[Round "4"]
[White "Tocchioni, Doriano"]
[Black "Riccio, Eros"]
[Result "1-0"]
[WhiteElo "2290"]
[BlackElo "2178"]
[PlyCount "77"]
[EventDate "2007.12.21"]

1. d4 d5 2. c4 c6 3. Nc3 Nf6 4. Nf3 e6 5. Bg5 dxc4 6. e4 b5 7. e5 h6 8. Bh4 g5
9. Nxg5 hxg5 10. Bxg5 Nbd7 11. exf6 Bb7 12. g3 Qb6 13. Bg2 O-O-O 14. O-O c5 15.
d5 b4 16. Rb1 Ne5 17. Qe2 Nd3 18. dxe6 Bxg2 19. e7 Bxf1 20. Qg4+ Kb8 21. Nd5
Qd6 22. exd8=Q+ Qxd8 23. Ne7 Bxe7 24. fxe7 Qd4 25. Qxd4 cxd4 26. Kxf1 Nc5 27.
Bf6 Re8 28. Bxd4 Ne4 29. Be5+ Kb7 30. Re1 f5 31. Bf4 c3 32. f3 Nc5 33. bxc3
bxc3 34. Rc1 Nd3 35. Rxc3 Nxf4 36. gxf4 Rxe7 37. Rc5 Rf7 38. a4 Kb6 39. Re5 1-0

[Event "XIX Festival A"]
[Site "Lucca ITA"]
[Date "2007.12.23"]
[Round "5"]
[White "Bernardini, Luca"]
[Black "Barberi, Alessandro"]
[Result "0-1"]
[WhiteElo "1883"]
[BlackElo "2157"]
[PlyCount "126"]
[EventDate "2007.12.21"]

1. e4 g6 2. d4 Bg7 3. c3 d6 4. Bd3 Nc6 5. Ne2 e5 6. Be3 Nf6 7. h3 O-O 8. O-O d5
9. Nd2 dxe4 10. Nxe4 Nd5 11. Bc4 Be6 12. Bg5 f6 13. Nc5 Bf7 14. dxe5 Nxe5 15.
Bxd5 Qxd5 16. Be3 b6 17. Qxd5 Bxd5 18. Nf4 Bc4 19. Nce6 Rf7 20. Rfd1 g5 21. Nd5
c6 22. Nxg7 Kxg7 23. Nb4 c5 24. Nc2 Bd3 25. Ne1 Rd8 26. b3 Rfd7 27. Rd2 c4 28.
Rad1 b5 29. f4 gxf4 30. Bxf4 Kg6 31. Kf2 Kf5 32. Ke3 Re8 33. Bxe5 Rxe5+ 34. Kf2
Rde7 35. Nxd3 cxd3 36. Rxd3 Re2+ 37. Kf3 Rxa2 38. R1d2 Ra3 39. c4 b4 40. g4+
Kg6 41. Kf4 Re1 42. Rf2 Rb1 43. Rff3 Ra5 44. h4 h5 45. g5 Rf5+ 46. Ke4 Rxf3 47.
Rxf3 fxg5 48. hxg5 Kxg5 49. c5 Rc1 50. Kd4 h4 51. Re3 Rc3 52. Re7 h3 53. Rxa7
Kg4 54. Rb7 Rxb3 55. Kc4 Rb1 56. Rg7+ Kf3 57. Rh7 Kg2 58. Rg7+ Kh1 59. Rg5 h2
60. Rg6 Rg1 61. Rh6 Rg4+ 62. Kb3 Kg2 63. c6 h1=Q 0-1

[Event "XIX Festival A"]
[Site "Lucca ITA"]
[Date "2007.12.23"]
[Round "5"]
[White "Corso, Roberto"]
[Black "Paolinelli, Giacomo"]
[Result "0-1"]
[WhiteElo "2096"]
[BlackElo "2073"]
[PlyCount "78"]
[EventDate "2007.12.21"]

1. d4 d5 2. c4 c6 3. Nf3 Nf6 4. Nc3 a6 5. c5 Nbd7 6. Bf4 Nh5 7. e3 g6 8. h3
Nxf4 9. exf4 Bg7 10. Bd3 b6 11. cxb6 Qxb6 12. Ne2 Qxb2 13. O-O c5 14. Rb1 Qa3
15. Bc2 c4 16. Ba4 Qd6 17. Ne5 O-O 18. Nc3 e6 19. Rb2 f6 20. Nc6 Nb8 21. Rb6
Nxc6 22. f5 Bd7 23. fxe6 Qxe6 24. Re1 Qd6 25. Qf3 Rfd8 26. Nxd5 Re8 27. Ne7+
Rxe7 28. Rxe7 Qxe7 29. Bxc6 Rc8 30. Bb7 Rc7 31. Bxa6 c3 32. Rb8+ Bf8 33. Rb1 c2
34. Rc1 Qa3 35. Qd5+ Kg7 36. Rxc2 Rxc2 37. Qxd7+ Qe7 38. Qd5 Rc1+ 39. Kh2 Qd6+
0-1

[Event "XIX Festival A"]
[Site "Lucca ITA"]
[Date "2007.12.23"]
[Round "5"]
[White "Scalcione, Michelangelo"]
[Black "Tocchioni, Doriano"]
[Result "1-0"]
[WhiteElo "2357"]
[BlackElo "2290"]
[PlyCount "105"]
[EventDate "2007.12.21"]

1. Nf3 c5 2. c4 Nc6 3. d4 cxd4 4. Nxd4 Nf6 5. Nc3 e6 6. a3 Bc5 7. Nb3 Be7 8. e4
O-O 9. Be2 a6 10. O-O d6 11. Be3 b6 12. f4 Rb8 13. Bf3 Qc7 14. Rc1 Na5 15. Nd2
Re8 16. Qe2 Bf8 17. b4 Nc6 18. Qf2 Nd8 19. Kh1 Nd7 20. Rfd1 Nc6 21. Nf1 Ne7 22.
Nd2 Bb7 23. Na4 Ba8 24. Qe2 Rec8 25. Nb3 Ng6 26. g3 Nf6 27. Bg2 Be7 28. Nb2 h5
29. Nd3 h4 30. Bf2 Qb7 31. Nd2 d5 32. cxd5 Rxc1 33. Rxc1 exd5 34. e5 Ne4 35. f5
hxg3 36. hxg3 Bg5 37. Rc2 Ne7 38. g4 Nxd2 39. Rxd2 Bxd2 40. Qxd2 Qc6 41. Kg1
Qc4 42. Nf4 d4 43. Bxa8 Rxa8 44. Qxd4 Qxd4 45. Bxd4 Nc6 46. Bc3 b5 47. e6 Re8
48. Kf2 f6 49. Ke3 Rc8 50. Nd5 Kf8 51. Nb6 Rd8 52. Nd7+ Ke7 53. Ke4 1-0

[Event "XVIII Festival A"]
[Site "Robecchetto con Induno ITA"]
[Date "2007.12.27"]
[Round "1"]
[White "Astengo, Corrado"]
[Black "Fizzotti, Mario"]
[Result "1/2-1/2"]
[WhiteElo "2122"]
[BlackElo "1843"]
[PlyCount "53"]
[EventDate "2007.12.27"]

1. e4 e5 2. Nf3 Nf6 3. Nxe5 d6 4. Nc4 Nxe4 5. d3 Nf6 6. d4 d5 7. Ne5 Bd6 8. Bd3
O-O 9. O-O Nc6 10. Nxc6 bxc6 11. Bg5 h6 12. Bh4 Rb8 13. b3 Re8 14. c3 Rb6 15.
Nd2 Ba6 16. Bxa6 Rxa6 17. Qf3 Be7 18. Rfe1 c5 19. dxc5 Bxc5 20. Rxe8+ Qxe8 21.
b4 Bf8 22. Bxf6 Rxf6 23. Qxd5 Rd6 24. Qe4 Qa4 25. Nf3 a5 26. h3 axb4 27. cxb4
1/2-1/2

[Event "XVIII Festival A"]
[Site "Robecchetto con Induno ITA"]
[Date "2007.12.27"]
[Round "1"]
[White "Autino, Massimiliano"]
[Black "Quirico, Paolo"]
[Result "0-1"]
[WhiteElo "1827"]
[BlackElo "2092"]
[PlyCount "46"]
[EventDate "2007.12.27"]

1. d4 Nf6 2. Nf3 d5 3. e3 g6 4. Be2 Bg7 5. Nbd2 c5 6. c3 Nbd7 7. O-O O-O 8. b4
cxd4 9. cxd4 e5 10. dxe5 Ng4 11. Bb2 Ngxe5 12. Nd4 Nb6 13. Rc1 Bd7 14. b5 Re8
15. Qb3 Bf8 16. N4f3 Bd6 17. Nxe5 Bxe5 18. Bxe5 Rxe5 19. Qc3 Re7 20. Qc7 Qe8
21. Qxb7 Bg4 22. Qxe7 Qxe7 23. Bxg4 Qb4 0-1

[Event "XVIII Festival A"]
[Site "Robecchetto con Induno ITA"]
[Date "2007.12.27"]
[Round "1"]
[White "Brioschi, Camillo"]
[Black "Caloni, Ugo"]
[Result "0-1"]
[WhiteElo "1943"]
[BlackElo "2155"]
[PlyCount "106"]
[EventDate "2007.12.27"]

1. d4 Nf6 2. c4 c5 3. d5 d6 4. Nc3 e5 5. e4 Be7 6. Be2 Nbd7 7. Nf3 Nf8 8. h3
Ng6 9. g3 h6 10. Be3 Bd7 11. Qd2 a6 12. a4 b6 13. Bf1 Qc8 14. Bg2 O-O 15. Ng1
b5 16. axb5 axb5 17. Rxa8 Qxa8 18. cxb5 Qa1+ 19. Qc1 Qa5 20. Nge2 Bxb5 21. O-O
Rb8 22. Qd2 Bc4 23. f4 Qa6 24. f5 Nf8 25. g4 N6h7 26. Kh2 Bd8 27. Kg3 Ba5 28.
Rf2 Qb7 29. Ng1 f6 30. h4 Qe7 31. Nh3 Rb3 32. g5 hxg5 33. hxg5 fxg5 34. Nxg5
Bd8 35. Nf3 Nf6 36. Qc2 N8h7 37. Bf1 Nxe4+ 38. Qxe4 Bxf1 39. Rxf1 Rb4 40. Qc2
e4 41. f6 Qxf6 42. Nh2 Qg6+ 43. Ng4 Nf6 44. Qe2 Nh5+ 45. Kh3 Rb3 46. Qf2 Be7
47. Nh6+ gxh6 48. Rg1 Bg5 49. Bxg5 hxg5 50. Qe3 Qf5+ 51. Kh2 Rxb2+ 52. Ne2 Nf4
53. Kh1 Qh7+ 0-1

[Event "XVIII Festival A"]
[Site "Robecchetto con Induno ITA"]
[Date "2007.12.27"]
[Round "1"]
[White "Brugo, Marco"]
[Black "Pepa, Syrja"]
[Result "1-0"]
[WhiteElo "2104"]
[BlackElo "1828"]
[PlyCount "75"]
[EventDate "2007.12.27"]

1. d4 d5 2. c4 e6 3. Nc3 Nf6 4. cxd5 exd5 5. Bg5 Be7 6. e3 O-O 7. Bd3 Be6 8.
Nge2 c6 9. Qc2 h6 10. Bh4 Nh5 11. Bxe7 Qxe7 12. h3 f5 13. O-O-O a5 14. Rdg1 f4
15. g4 fxg3 16. Nxg3 Qh4 17. Bh7+ Kh8 18. Qg6 Nxg3 19. Rxg3 Qf6 20. f3 Nd7 21.
Rhg1 Rf7 22. Qc2 Nf8 23. Bd3 a4 24. Ne2 a3 25. b3 b6 26. Nf4 Bf5 27. Bxf5 Qxf5
28. Qxf5 Rxf5 29. Rxg7 Nh7 30. Rc7 Rg5 31. Ng6+ Kg8 32. Ne7+ Kf8 33. Ng6+ Kg8
34. Rxg5 Nxg5 35. Rxc6 Nxf3 36. Ne7+ Kh7 37. Nxd5 Rg8 38. Nf6+ 1-0

[Event "XVIII Festival A"]
[Site "Robecchetto con Induno ITA"]
[Date "2007.12.27"]
[Round "1"]
[White "Burlando, Alessandro"]
[Black "Primerano, Carlo"]
[Result "1-0"]
[WhiteElo "2058"]
[BlackElo "1761"]
[PlyCount "55"]
[EventDate "2007.12.27"]

1. d4 Nf6 2. c4 e6 3. Nf3 b6 4. a3 Bb7 5. Nc3 Be7 6. Qc2 c5 7. e4 cxd4 8. Nxd4
Nc6 9. Nxc6 Bxc6 10. Bd3 e5 11. O-O O-O 12. Qe2 Re8 13. Kh1 Qc7 14. f4 exf4 15.
Bxf4 Bd6 16. Bg5 Be5 17. Nd5 Nxd5 18. exd5 Bb7 19. Bxh7+ Kxh7 20. Qh5+ Kg8 21.
Qxf7+ Kh8 22. Rf3 Bg3 23. Rxg3 Qxg3 24. hxg3 Rf8 25. Qxd7 Bc8 26. Qc7 Bg4 27.
Bf4 Rf6 28. d6 1-0

[Event "XVIII Festival A"]
[Site "Robecchetto con Induno ITA"]
[Date "2007.12.27"]
[Round "1"]
[White "Cervini, Gian Piero"]
[Black "La Torre, Giovanni"]
[Result "0-1"]
[WhiteElo "1766"]
[BlackElo "2070"]
[PlyCount "56"]
[EventDate "2007.12.27"]

1. e4 d6 2. d4 Nf6 3. Nc3 g6 4. Bg5 Bg7 5. f4 c6 6. Nf3 Qa5 7. Qd2 b5 8. Bd3 b4
9. Ne2 Qb6 10. O-O O-O 11. Bxf6 Bxf6 12. e5 Bg7 13. Rae1 a5 14. Ng3 dxe5 15.
fxe5 Be6 16. Qf4 Na6 17. Qh4 Bd5 18. Nf5 gxf5 19. Ng5 h6 20. Bxf5 Rfd8 21. Re3
hxg5 22. Qh7+ Kf8 23. e6 Qxd4 24. Bg6 Qxe3+ 25. Kh1 Bxe6 26. Qh5 f6 27. h4 gxh4
28. Rf3 Qh6 0-1

[Event "XVIII Festival A"]
[Site "Robecchetto con Induno ITA"]
[Date "2007.12.27"]
[Round "1"]
[White "Colombo, Sandro"]
[Black "Stella, Andrea"]
[Result "0-1"]
[WhiteElo "1868"]
[BlackElo "2123"]
[PlyCount "96"]
[EventDate "2007.12.27"]

1. c4 Nf6 2. Nc3 Nc6 3. e4 e5 4. Nf3 Bb4 5. Qc2 Bxc3 6. bxc3 O-O 7. d4 exd4 8.
cxd4 Re8 9. Bg5 Qe7 10. Bxf6 Qxe4+ 11. Qxe4 Rxe4+ 12. Kd2 gxf6 13. Kc3 d6 14.
Bd3 Re8 15. h3 Ne7 16. Rhe1 Bd7 17. Re2 Ng6 18. Rae1 Kf8 19. h4 Bg4 20. Rxe8+
Rxe8 21. Rxe8+ Kxe8 22. Nh2 Bd7 23. g3 h6 24. Nf1 Ne7 25. Ne3 c6 26. a4 Kd8 27.
Be2 f5 28. f4 Kc7 29. Kb4 b6 30. Bd3 c5+ 31. dxc5 bxc5+ 32. Kb3 Kb6 33. Bc2 Ka5
34. Ka3 Be6 35. Bd3 Kb6 36. Kb3 Nc6 37. Nc2 Nd4+ 38. Nxd4 cxd4 39. Ka3 a5 40.
Kb2 Kc5 41. Kb3 d5 42. cxd5 Bxd5+ 43. Kb2 Be4 44. Bb5 Kb4 45. Be8 f6 46. Kc1
Kc3 47. Bh5 d3 48. Kd1 d2 0-1

[Event "XVIII Festival A"]
[Site "Robecchetto con Induno ITA"]
[Date "2007.12.27"]
[Round "1"]
[White "Corti, Corrado"]
[Black "Battistella, Gianmaria"]
[Result "1-0"]
[WhiteElo "2038"]
[BlackElo "1739"]
[PlyCount "85"]
[EventDate "2007.12.27"]

1. d4 d5 2. Nf3 Nf6 3. e3 Bg4 4. Be2 e6 5. O-O Bd6 6. Nbd2 O-O 7. b3 Nbd7 8.
Bb2 c5 9. c4 h6 10. Ne5 Bf5 11. Rc1 Re8 12. Ndf3 Rc8 13. Nd3 Ne4 14. Nf4 dxc4
15. dxc5 c3 16. Bxc3 Nxc3 17. Qxd6 Nxe2+ 18. Nxe2 Rc6 19. Qd2 Nxc5 20. Qxd8
Rxd8 21. Ned4 Rcc8 22. Nxf5 exf5 23. Nd4 g6 24. Rfd1 Nd3 25. Rxc8 Rxc8 26. g4
Rc1 27. Rxc1 Nxc1 28. gxf5 Nxa2 29. fxg6 fxg6 30. Kf1 Kf7 31. Ke2 Kf6 32. f4 a5
33. e4 a4 34. bxa4 Nc3+ 35. Kd3 Nxa4 36. Kc4 g5 37. e5+ Kf7 38. f5 Nb6+ 39. Kc5
Nd7+ 40. Kd6 Ke8 41. f6 g4 42. f7+ Kd8 43. e6 1-0

[Event "XVIII Festival A"]
[Site "Robecchetto con Induno ITA"]
[Date "2007.12.27"]
[Round "1"]
[White "D'Apa, Matteo"]
[Black "Garbarini, Cristiano"]
[Result "1-0"]
[WhiteElo "2085"]
[BlackElo "1817"]
[PlyCount "45"]
[EventDate "2007.12.27"]

1. d4 Nf6 2. c4 g6 3. Nc3 Bg7 4. e4 d6 5. f3 O-O 6. Be3 e5 7. d5 c6 8. Qd2 cxd5
9. exd5 Nbd7 10. O-O-O a6 11. Bh6 Nh5 12. g4 Bxh6 13. Qxh6 Nf4 14. Nge2 Nxe2+
15. Bxe2 f5 16. h4 Nf6 17. h5 Qe8 18. gxf5 Bxf5 19. hxg6 Bxg6 20. Rdg1 e4 21.
f4 Qf7 22. f5 Nxd5 23. Nxd5 1-0

[Event "XVIII Festival A"]
[Site "Robecchetto con Induno ITA"]
[Date "2007.12.27"]
[Round "1"]
[White "D'Apa, Stefano"]
[Black "Bernasconi, Roberto"]
[Result "1-0"]
[WhiteElo "2140"]
[BlackElo "1940"]
[PlyCount "101"]
[EventDate "2007.12.27"]

1. e4 e5 2. f4 exf4 3. Nf3 d6 4. Bc4 h6 5. h4 Be7 6. d3 Bf6 7. c3 Bg4 8. Qb3
Ne7 9. Bxf7+ Kf8 10. Bxf4 Nd7 11. Bc4 Ng6 12. Bg3 Bxf3 13. gxf3 Bxh4 14. Bxh4
Nxh4 15. Nd2 Ng2+ 16. Kf2 Nc5 17. Qc2 Nf4 18. d4 Nd7 19. Rag1 Nf6 20. e5 dxe5
21. dxe5 N6d5 22. Qf5+ Ke8 23. Rxg7 Rf8 24. Qc2 c6 25. Bxd5 Qb6+ 26. Kf1 cxd5
27. Qa4+ Qc6 28. Qxc6+ bxc6 29. Rxh6 Nd3 30. Re6+ Kd8 31. Rd6+ Ke8 32. Rdd7 Rh8
33. e6 Ne5 34. Rde7+ Kd8 35. f4 Rf8 36. Rd7+ Nxd7 37. e7+ Ke8 38. exf8=Q+ Nxf8
39. Ke2 a5 40. Kd3 Ra6 41. f5 c5 42. c4 Rf6 43. cxd5 Rxf5 44. Ke4 Rf2 45. Nc4
Rc2 46. Nd6+ Kd8 47. Rb7 Nd7 48. Kd3 Rg2 49. Nc4 Rg4 50. Rxd7+ Kxd7 51. Ne5+
1-0

[Event "XVIII Festival A"]
[Site "Robecchetto con Induno ITA"]
[Date "2007.12.27"]
[Round "1"]
[White "Damia, Angelo"]
[Black "Virzi, Ettore"]
[Result "1-0"]
[WhiteElo "2266"]
[BlackElo "1956"]
[PlyCount "113"]
[EventDate "2007.12.27"]

1. e4 e5 2. Nf3 Nc6 3. Nc3 Nf6 4. a3 d5 5. exd5 Nxd5 6. Bb5 Nxc3 7. bxc3 Bd6 8.
d4 exd4 9. cxd4 O-O 10. O-O Bg4 11. c3 Na5 12. h3 Bh5 13. Be3 Rc8 14. Be2 c5
15. Nd2 Bxe2 16. Qxe2 cxd4 17. cxd4 Re8 18. Qd3 Nc6 19. Ne4 Bf8 20. Ng5 g6 21.
Qb3 Qd7 22. Rad1 Na5 23. Qd3 Qd5 24. Nf3 Nc4 25. Bc1 Bg7 26. Qb3 Nb6 27. Qd3
Nc4 28. Qb3 Nb6 29. Qb1 Nc4 30. Qb4 Bf8 31. Qa4 b5 32. Qa6 Rc6 33. Qxa7 Rcc8
34. Ne5 Ra8 35. Qd7 Qxd7 36. Nxd7 Red8 37. Nxf8 Kxf8 38. Rd3 Rd5 39. Re1 f5 40.
Bg5 Re8 41. Rb1 Ra8 42. Rdb3 Rxa3 43. Rxb5 Rxb5 44. Rxb5 Rd3 45. Rb8+ Kg7 46.
Rb7+ Kg8 47. Bf6 Rd1+ 48. Kh2 Nd2 49. h4 Ne4 50. Be5 Nxf2 51. Rg7+ Kf8 52. Rxh7
Ng4+ 53. Kg3 Rf1 54. Rb7 Rh1 55. Kf4 Rxh4 56. Kg5 Rh2 57. Bxh2 1-0

[Event "XVIII Festival A"]
[Site "Robecchetto con Induno ITA"]
[Date "2007.12.27"]
[Round "1"]
[White "Di Chiara, Mauro"]
[Black "Cereda, Loris"]
[Result "1/2-1/2"]
[WhiteElo "1747"]
[BlackElo "2052"]
[PlyCount "87"]
[EventDate "2007.12.27"]

1. d4 d5 2. Nf3 Nf6 3. Bf4 e6 4. e3 Be7 5. Bd3 Nh5 6. Bg3 Nxg3 7. hxg3 Nd7 8.
Nbd2 c5 9. c3 h6 10. Qe2 Qb6 11. Rb1 Nf6 12. Ne5 Bd7 13. g4 Rf8 14. f4 O-O-O
15. Nxd7 Nxd7 16. O-O f6 17. c4 cxd4 18. cxd5 exd5 19. Rbc1+ Kb8 20. e4 Rfe8
21. exd5 Bb4 22. Nc4 Rxe2 23. Nxb6 Re3 24. Nxd7+ Rxd7 25. Bf5 Rc7 26. Rxc7 Kxc7
27. Kf2 Kd6 28. Be6 a5 29. Rd1 Bc5 30. Re1 Rxe1 31. Kxe1 g5 32. fxg5 hxg5 33.
Ke2 Ke5 34. Kd3 b5 35. Bd7 Kxd5 36. Bxb5 Bd6 37. Ba4 Be5 38. Bb3+ Kc5 39. Bc4
Kb4 40. a3+ Kc5 41. b3 Bf4 42. b4+ axb4 43. axb4+ Kxb4 44. Kxd4 1/2-1/2

[Event "XVIII Festival A"]
[Site "Robecchetto con Induno ITA"]
[Date "2007.12.27"]
[Round "1"]
[White "Madaschi, Sergio"]
[Black "Agrifoglio, Fabio"]
[Result "0-1"]
[WhiteElo "1632"]
[BlackElo "1989"]
[PlyCount "76"]
[EventDate "2007.12.27"]

1. e4 d6 2. d4 g6 3. c4 Bg7 4. Nf3 c6 5. Be2 Bg4 6. h3 Bxf3 7. Bxf3 Qb6 8. Be3
Qxb2 9. Nd2 Qb6 10. Nb3 Qc7 11. O-O Nf6 12. Rc1 Nbd7 13. Qd2 O-O 14. Rfe1 Rfd8
15. Rcd1 a5 16. a4 c5 17. Qc2 e5 18. d5 Nb8 19. Nd2 Na6 20. Qb3 Nb4 21. Nb1 Rf8
22. Nc3 Ne8 23. Nb5 Qd7 24. Qb1 b6 25. Re2 f5 26. exf5 gxf5 27. Bc1 Nf6 28.
Ree1 Rae8 29. Be2 Kh8 30. Bg5 Ne4 31. Bd2 Rf6 32. Qc1 Rg6 33. Bc3 Rg8 34. Bf1
Nxc3 35. Nxc3 Bh6 36. Qb1 Qg7 37. g3 Rxg3+ 38. fxg3 Qxg3+ 0-1

[Event "XVIII Festival A"]
[Site "Robecchetto con Induno ITA"]
[Date "2007.12.27"]
[Round "1"]
[White "Marinescu, Marian"]
[Black "Cardani, Roberto"]
[Result "1-0"]
[WhiteElo "2129"]
[BlackElo "1923"]
[PlyCount "101"]
[EventDate "2007.12.27"]

1. Nf3 Nf6 2. g3 d5 3. Bg2 c6 4. O-O Bg4 5. d3 Nbd7 6. Nbd2 e5 7. e4 dxe4 8.
dxe4 Bc5 9. h3 Bh5 10. Qe1 O-O 11. Nh4 Re8 12. Nb3 Bb6 13. Nf5 Qc7 14. a4 a5
15. Kh1 Nc5 16. Nd2 Ne6 17. Nc4 Bc5 18. c3 Rad8 19. Nce3 Rd7 20. f3 Bf8 21. Nc4
Red8 22. Be3 Bc5 23. Bxc5 Nxc5 24. Qe3 Ne6 25. Qg1 Bg6 26. Nfe3 Nh5 27. Kh2 Nd4
28. Qf2 Nb3 29. Rad1 Rxd1 30. Rxd1 Rxd1 31. Nxd1 f6 32. Bf1 Bf7 33. Nde3 Qd8
34. Nf5 Be6 35. Qc2 Nc5 36. b4 axb4 37. cxb4 Nd7 38. Qd2 Qa8 39. a5 g6 40. Qd6
Qe8 41. Nh6+ Kg7 42. Ng4 Qf7 43. Nce3 Nf8 44. a6 bxa6 45. Qxc6 Qe7 46. Nd5 Qa7
47. Qc7+ Qxc7 48. Nxc7 Bc8 49. Bxa6 Bxa6 50. Nxa6 Ne6 51. b5 1-0

[Event "XVIII Festival A"]
[Site "Robecchetto con Induno ITA"]
[Date "2007.12.27"]
[Round "1"]
[White "Marinone, Lucio"]
[Black "Albrizio, Mauro"]
[Result "1-0"]
[WhiteElo "2015"]
[BlackElo "1692"]
[PlyCount "81"]
[EventDate "2007.12.27"]

1. d4 d5 2. Nf3 Nf6 3. c4 e6 4. Nc3 c6 5. Bg5 Nbd7 6. e3 Qa5 7. cxd5 exd5 8.
Bd3 Bb4 9. Qc2 O-O 10. O-O Re8 11. Ne5 Nxe5 12. dxe5 Ne4 13. Nxe4 dxe4 14. Bxe4
Qxe5 15. Bxh7+ Kf8 16. Bf4 Qf6 17. a3 Bd6 18. Bxd6+ Qxd6 19. Rad1 Qe5 20. Bd3
Be6 21. b4 Bd5 22. Rde1 Rad8 23. f4 Qd6 24. e4 Bb3 25. Qxb3 Qxd3 26. Qxd3 Rxd3
27. Rf3 Red8 28. Ree3 Rd1+ 29. Kf2 R1d2+ 30. Re2 R2d4 31. g4 Rd2 32. h4 b6 33.
Rc3 R8d4 34. Rxd2 Rxd2+ 35. Ke3 Ra2 36. h5 c5 37. bxc5 bxc5 38. e5 Rg2 39. Kf3
Rh2 40. Ke4 Rf2 41. Rxc5 1-0

[Event "XVIII Festival A"]
[Site "Robecchetto con Induno ITA"]
[Date "2007.12.27"]
[Round "1"]
[White "Raselli, Claudio"]
[Black "Raineri, Pieroberto"]
[Result "1-0"]
[WhiteElo "1958"]
[BlackElo "1614"]
[PlyCount "71"]
[EventDate "2007.12.27"]

1. d4 Nf6 2. Nf3 g6 3. Nbd2 Bg7 4. e4 d6 5. Bd3 O-O 6. O-O e5 7. dxe5 dxe5 8.
Nxe5 Be6 9. Ndf3 Nbd7 10. Nxd7 Nxd7 11. c3 Nc5 12. Bc2 Bc4 13. Be3 Bxf1 14.
Bxc5 Qxd1 15. Rxd1 Be2 16. Rd2 Bb5 17. Bxf8 Kxf8 18. a4 Bc6 19. Nd4 Be8 20. f4
a6 21. Kf2 c5 22. Nf3 Ke7 23. e5 Rd8 24. Rxd8 Kxd8 25. Ng5 h6 26. Ne4 Bf8 27.
Ke3 b5 28. axb5 axb5 29. g4 Kc7 30. f5 g5 31. Nf6 Bc6 32. Be4 b4 33. Bxc6 Kxc6
34. Nh7 Be7 35. f6 bxc3 36. fxe7 1-0

[Event "XVIII Festival A"]
[Site "Robecchetto con Induno ITA"]
[Date "2007.12.27"]
[Round "1"]
[White "Romano, Zeno"]
[Black "Barlocco, Carlo"]
[Result "0-1"]
[WhiteElo "1931"]
[BlackElo "2134"]
[PlyCount "106"]
[EventDate "2007.12.27"]

1. e4 g6 2. d4 Bg7 3. Be3 c5 4. Nf3 Nc6 5. Nc3 cxd4 6. Nxd4 Nf6 7. Be2 O-O 8.
Qd2 d5 9. exd5 Nxd5 10. Nxd5 Qxd5 11. Bf3 Qe5 12. Nxc6 bxc6 13. c3 Ba6 14. Be2
Rfd8 15. Qc2 Bxe2 16. Qxe2 Rab8 17. O-O Rd7 18. Rfd1 Rdb7 19. Rd2 Qe6 20. Qd3
h6 21. b3 a5 22. Rad1 Kh7 23. Re2 Qf5 24. Qxf5 gxf5 25. Rd3 e6 26. Bf4 Rc8 27.
Be5 a4 28. Bxg7 axb3 29. axb3 Rxb3 30. g3 Kxg7 31. Re5 c5 32. Rde3 Kf6 33. Kg2
Rxc3 34. Rxf5+ Kxf5 35. Rxc3 Ke4 36. Rc1 c4 37. Kf1 Kd3 38. Ke1 c3 39. Rd1+ Kc2
40. Rd7 Rc5 41. f4 Rc4 42. Ke2 Re4+ 43. Kf3 f5 44. g4 Kb3 45. Rd1 c2 46. Rg1
Kb2 47. g5 hxg5 48. fxg5 c1=Q 49. Rxc1 Kxc1 50. h3 Rh4 51. Kg3 Rh8 52. h4 Kd2
53. g6 Ke3 0-1

[Event "XVIII Festival A"]
[Site "Robecchetto con Induno ITA"]
[Date "2007.12.27"]
[Round "1"]
[White "Ronconi, Fausto"]
[Black "Astengo, Marcello"]
[Result "0-1"]
[WhiteElo "1720"]
[BlackElo "2024"]
[PlyCount "118"]
[EventDate "2007.12.27"]

1. d4 d5 2. c4 c6 3. cxd5 cxd5 4. Nc3 Nf6 5. Nf3 Nc6 6. Bf4 Nh5 7. Be5 e6 8. a3
Be7 9. e3 O-O 10. Bd3 Nxe5 11. Nxe5 Nf6 12. O-O Bd7 13. Rc1 Qb6 14. Qc2 Rfd8
15. Nxd7 Rxd7 16. Na4 Qd6 17. Qc5 Qb8 18. Qc2 Bd6 19. g3 h5 20. e4 dxe4 21.
Bxe4 h4 22. Nc5 Bxc5 23. dxc5 hxg3 24. hxg3 Qe5 25. c6 bxc6 26. Bxc6 Rc8 27.
Rfe1 Qd6 28. Qc5 Qxc5 29. Rxc5 Rd2 30. b4 Ra2 31. Bd5 Rxc5 32. Bxa2 Rc3 33. Re3
Rxe3 34. fxe3 Ng4 35. e4 Kf8 36. a4 Ke7 37. Kg2 Kd6 38. Kf3 Ne5+ 39. Ke3 Nc6
40. b5 Na5 41. Kd4 f6 42. g4 Nb7 43. Bc4 e5+ 44. Ke3 Kc5 45. Bd5 Nd6 46. Bc6
Nc4+ 47. Kf3 Nb2 48. g5 fxg5 49. Kg4 Nxa4 50. Kxg5 Nc3 51. Kf5 Kd4 52. Kg6 Nxe4
53. Kxg7 Nd6 54. Kf6 e4 55. Ke6 e3 56. Kxd6 e2 57. Kc7 e1=Q 58. Kb7 Qe7+ 59.
Ka6 Qc7 0-1

[Event "XVIII Festival A"]
[Site "Robecchetto con Induno ITA"]
[Date "2007.12.27"]
[Round "1"]
[White "Tagliaferri, Valerio"]
[Black "Griffa, Roberto"]
[Result "0-1"]
[WhiteElo "1839"]
[BlackElo "2108"]
[PlyCount "80"]
[EventDate "2007.12.27"]

1. c4 e6 2. Nc3 d5 3. Nf3 c5 4. cxd5 exd5 5. d4 Nc6 6. e3 Nf6 7. Be2 a6 8. a3
c4 9. O-O Be6 10. b3 cxb3 11. Qxb3 Na5 12. Qa4+ b5 13. Qd1 Bd6 14. Ng5 Bf5 15.
g4 Nxg4 16. Bxg4 Qxg5 17. e4 Qxg4+ 18. Qxg4 Bxg4 19. e5 Be7 20. Nxd5 Ra7 21.
Ne3 Bf3 22. d5 Kd7 23. Bb2 Nc4 24. Bd4 Raa8 25. d6 Bg5 26. Rac1 Nxe3 27. Rc7+
Ke6 28. Bxe3 Bd8 29. Rc5 Bb6 30. Rc3 Bxe3 31. Rxe3 Bc6 32. Rc1 Rac8 33. f4 Bd7
34. Rf1 g6 35. h4 h5 36. Kh2 Rc2+ 37. Kg3 Rhc8 38. Rf2 Rxf2 39. Kxf2 Rc4 40.
Kg3 Kf5 0-1

[Event "XVIII Festival A"]
[Site "Robecchetto con Induno ITA"]
[Date "2007.12.27"]
[Round "1"]
[White "Volpe, Antonio"]
[Black "Bianchi, Alberto"]
[Result "0-1"]
[WhiteElo "1687"]
[BlackElo "2014"]
[PlyCount "56"]
[EventDate "2007.12.27"]

1. b3 Nf6 2. Bb2 e6 3. e3 Be7 4. c4 O-O 5. Nc3 d5 6. Nf3 c6 7. d3 Nbd7 8. Qc2
Re8 9. Rd1 Nf8 10. Be2 Ng6 11. h3 b6 12. O-O Bb7 13. a3 Rc8 14. Rd2 e5 15. Ne1
d4 16. Nd1 c5 17. Bc1 Bd6 18. Bf3 Bxf3 19. Nxf3 Bb8 20. e4 Nh5 21. Re2 Nhf4 22.
Bxf4 Nxf4 23. Rd2 Re6 24. Kh2 Rh6 25. Rh1 Rcc6 26. b4 Rcg6 27. Rg1 Qd7 28. Ne3
Rxh3+ 0-1